000
00269nam a2200097Ia 4500
008
160523s9999 xx 000 0 und d
245
_a
100 Ways To Kill Your Business
245
_c
by Sandra Wise
260
_c
2013
856
_u
http://www.smashwords.com/books/view/374915
999
_c
294847
_d
294847